000 00555nam a22002057a 4500
003 OSt
005 20220107122825.0
008 170530b xxu||||| |||| 00| 0 eng d
020 _a9780199599202
040 _cIIITMK
082 _a658.0285 REY/E
100 _aReynolds, Jonathan
_911679
245 _aE-business:
_bA management perspective
260 _aNew Delhi,
_bOxford University Press,
_c2010.
300 _axxiv, 469p.
650 _aMANAGEMENT
_911680
650 _aBUSINESS MANAGEMENT
_911681
650 _aE-BUSINESS
_911682
942 _2ddc
_cBK
999 _c5595
_d5595